00562nam a22001692 4500001001100000005001700011008004100028020001700069040001500086100003000101245009600131260003800227300001500265650005600280650005300336852000300389000002549320151217154550.0151005s xx 000 0 eng d a0754677048 : aKABUcKABU1 aGauja, Anika.@000018615410aPolitical parties and elections :blegislating for representative democracy /cAnika Gauja. aSurrey, London :bAshgate,c2010. aix, 235 p. 0aPolitical partiesxLaw and legislation.@0000186155 0aCampaign fundsxLaw and legislation.@00001861561